Mitre, periodista /
Guardado en:
| Autor Principal: | |
|---|---|
| Formato: | Libro |
| Publicado: |
Buenos Aires :
Institucion Mitre,
1943
|
| Materias: | |
| Etiquetas: |
Agregar Etiqueta
Sin Etiquetas, Sea el primero en etiquetar este registro!
|
| LEADER | 00466nam a22001575a 4500 | ||
|---|---|---|---|
| 001 | EHU.bham014613 | ||
| 003 | AR-BHAM | ||
| 005 | 20100330184631.0 | ||
| 008 | 130507s1943##################000#0#####d | ||
| 082 | 9 | 8 | |a 982.04 |
| 100 | 1 | |a Mitre, Adolfo | |
| 245 | 1 | 0 | |a Mitre, periodista / |c Adolfo Mitre |
| 260 | |a Buenos Aires : |b Institucion Mitre, |c 1943 | ||
| 300 | |a 253 p. | ||
| 653 | |a Historia de argentina-1829-1861 | ||
| 859 | |a AR-BHAM |b BIB. HUMANIDADES - General |h 982.04 |i M697 |p 494.71 |t Ej.1 | ||
